| 000 | 00552cam a2200193ua 4500 | ||
|---|---|---|---|
| 001 | 11854 | ||
| 005 | 20260515114816.0 | ||
| 008 | 191113n ii |||gr||||Z||||||eng | ||
| 020 | _a9780199596430 | ||
| 040 | _cMAIN | ||
| 082 | _a820 | ||
| 100 |
_aDennis Walder . , _eEditor. |
||
| 245 |
_aLiterature in the modern world : _bcritical essays and documents / _cEdited by Dennis Walder . |
||
| 250 | _a2nd ed. | ||
| 260 |
_aNoida: _bOxford University Press, _c2004. |
||
| 300 | _a540p. | ||
| 653 | _aEnglish.& Old English literatures | ||
| 942 | _cBK | ||
| 999 |
_c10635 _d10635 |
||